| 000 | 00522nam a22001691 4500 | ||
|---|---|---|---|
| 082 | 0 | 0 |
_a510.2462 _bDUL _cL-3, P-15 |
| 100 | 1 |
_aDull, Raymond W. _939003 |
|
| 245 | 1 | 0 |
_aMathematical aids for engineers, _cby Raymond W. Dull ... |
| 250 | _a1st ed. | ||
| 260 |
_aNew York, _aLondon, _bMcGraw-Hill book company, inc., _c1946. |
||
| 300 |
_axii, 346 p. _billus., diagrs. _c22 cm. |
||
| 526 |
_a0 _b0 _c0 _d510_246200000000000_DUL |
||
| 650 | 0 | _aMathematics. | |
| 650 | 0 |
_aMCE _9379 |
|
| 650 | 0 |
_aMotion. _939004 |
|
| 942 |
_2ddc _cBK |
||
| 999 |
_c543593 _d543593 |
||